[Event "2BLS 1920 Stuttgarter SF - SC Heusensta"]
[Site "?"]
[Date "2019.12.08"]
[Round "6.2"]
[White "Macovei, Andrei"]
[Black "Krejci, Jan"]
[Result "1-0"]
[WhiteElo "2443"]
[BlackElo "2567"]
[PlyCount "47"]
[EventDate "2019.??.??"]

1. e4 c6 2. d4 d5 3. e5 Bf5 4. Nf3 e6 5. Be2 Nd7 6. O-O Nh6 7. a4 a5 8. Nbd2
Be7 9. Nb3 O-O 10. Bd2 Bg6 11. Rc1 f6 12. c4 fxe5 13. dxe5 Re8 14. Nfd4 Nxe5
15. Nxe6 Qd6 16. cxd5 Bf7 17. Bxh6 gxh6 18. Bh5 Bxe6 19. dxe6 Red8 20. Qe2 Qxe6
21. f4 Qxb3 22. Qxe5 Qd5 23. Qxe7 Qxh5 24. Rc3 1-0

[Event "2BLS 1920 Stuttgarter SF - SC Heusensta"]
[Site "?"]
[Date "2019.12.08"]
[Round "6.3"]
[White "Sadzikowski, Daniel"]
[Black "Neyman, Igor"]
[Result "1/2-1/2"]
[WhiteElo "2504"]
[BlackElo "2330"]
[PlyCount "80"]
[EventDate "2019.??.??"]

1. e4 c5 2. Nf3 e6 3. d4 cxd4 4. Nxd4 Nf6 5. Nc3 Nc6 6. Nxc6 bxc6 7. e5 Nd5 8.
Ne4 Qc7 9. f4 Qb6 10. c4 Bb4+ 11. Ke2 Ba6 12. Kf3 f5 13. exf6 Nxf6 14. c5 Qa5
15. Nxf6+ gxf6 16. Bxa6 Qxa6 17. Qd4 Qb5 18. Be3 Rf8 19. Rac1 Ba5 20. Rhd1 Rf7
21. Rd3 Bc7 22. Rb3 Qa6 23. Qc4 Qc8 24. Bd4 Rb8 25. Re3 a5 26. Bc3 Qb7 27. a4
Kf8 28. Rd1 Qb3 29. Qxb3 Rxb3 30. Red3 Ke8 31. Ke4 f5+ 32. Kf3 Rb7 33. Rb1 Ke7
34. Be1 Rg7 35. Rbd1 Ke8 36. Bc3 Kf7 37. Rb1 Ke7 38. Be1 Kf7 39. Rbd1 Ke8 40.
Bc3 Kf7 1/2-1/2

[Event "2BLS 1920 Stuttgarter SF - SC Heusensta"]
[Site "?"]
[Date "2019.12.08"]
[Round "6.4"]
[White "Strunski, Andreas"]
[Black "Polak, Tomas"]
[Result "0-1"]
[WhiteElo "2330"]
[BlackElo "2555"]
[PlyCount "64"]
[EventDate "2019.??.??"]

1. c4 e6 2. d4 Nf6 3. Nc3 Bb4 4. Qc2 d5 5. a3 Bxc3+ 6. Qxc3 c5 7. dxc5 d4 8.
Qg3 Nc6 9. b4 e5 10. e4 O-O 11. Bd3 Re8 12. h4 Kf8 13. Bd2 a5 14. b5 Nb8 15. h5
h6 16. O-O-O Nbd7 17. f4 Nxc5 18. fxe5 Nfxe4 19. Bxe4 Nxe4 20. Qf4 Qe7 21. Qxe4
Qxa3+ 22. Kc2 Qa4+ 23. Kc1 Qa3+ 24. Kc2 Qa4+ 25. Kc1 Qxc4+ 26. Qc2 Qxb5 27.
Bxh6 Bg4 28. Qh7 Rac8+ 29. Kd2 Qb2+ 30. Ke1 Rxe5+ 31. Kf1 Be2+ 32. Kf2 Bd3+ 0-1

[Event "2BLS 1920 Stuttgarter SF - SC Heusensta"]
[Site "?"]
[Date "2019.12.08"]
[Round "6.5"]
[White "Wieczorek, Oskar"]
[Black "Vyval, Volodymyr"]
[Result "1/2-1/2"]
[WhiteElo "2493"]
[BlackElo "2232"]
[PlyCount "141"]
[EventDate "2019.??.??"]

1. e4 c5 2. Nf3 Nf6 3. e5 Nd5 4. Nc3 Nxc3 5. dxc3 Nc6 6. Bf4 Qc7 7. Qd2 e6 8.
O-O-O b6 9. Kb1 Bb7 10. Ng5 Rd8 11. Nf3 Be7 12. h4 Na5 13. Rh3 Bxf3 14. Rxf3 c4
15. Bg3 b5 16. Qf4 O-O 17. h5 Nb7 18. h6 g6 19. b3 d6 20. exd6 Rxd6 21. Rxd6
Qxd6 22. Qd4 Qxd4 23. cxd4 Rc8 24. Re3 Bf8 25. Bf4 Rd8 26. c3 cxb3 27. Bxb5 Nd6
28. Ba6 bxa2+ 29. Kxa2 Nf5 30. Rh3 Nxd4 31. Rd3 Rd5 32. Rxd4 Ra5+ 33. Kb3 Rxa6
34. Rd8 f6 35. Be3 Rc6 36. Bxa7 Rc7 37. Be3 Kf7 38. c4 g5 39. Rb8 Bd6 40. Rb6
Bf8 41. g4 Bxh6 42. c5 Bf8 43. Kc4 f5 44. gxf5 exf5 45. Bd4 f4 46. Kd5 Rd7+ 47.
Ke4 Re7+ 48. Kf5 Rd7 49. Ke4 Re7+ 50. Kd5 Rd7+ 51. Kc4 Rc7 52. Rf6+ Ke8 53. c6
Bg7 54. Re6+ Kf7 55. Rd6 Bxd4 56. Kxd4 g4 57. Kc5 g3 58. fxg3 fxg3 59. Rd3 h5
60. Rxg3 Kf6 61. Rg8 h4 62. Kd6 Rh7 63. c7 Rxc7 64. Kxc7 Kf5 65. Kd6 Kf4 66.
Rf8+ Kg3 67. Ke5 h3 68. Ke4 h2 69. Rg8+ Kf2 70. Rh8 Kg2 71. Rxh2+ 1/2-1/2

[Event "2BLS 1920 Stuttgarter SF - SC Heusensta"]
[Site "?"]
[Date "2019.12.08"]
[Round "6.6"]
[White "Beyer, Christian"]
[Black "Poetsch, Hagen"]
[Result "0-1"]
[WhiteElo "2272"]
[BlackElo "2522"]
[PlyCount "98"]
[EventDate "2019.??.??"]

1. e4 c5 2. Nf3 d6 3. d4 cxd4 4. Nxd4 Nf6 5. Nc3 a6 6. Bg5 Nbd7 7. f4 Qc7 8.
Qe2 e5 9. Nf5 h6 10. Bxf6 Nxf6 11. fxe5 dxe5 12. O-O-O Be6 13. Ne3 Nd7 14. Ncd5
Qc6 15. g4 Bc5 16. Rg1 Rc8 17. Rg3 Bxe3+ 18. Nxe3 Qxe4 19. Bg2 Qb4 20. Nf5 O-O
21. a3 Qf4+ 22. Kb1 Qc4 23. Qxc4 Rxc4 24. Bxb7 Nc5 25. Bd5 Rd8 26. Kc1 Bxd5 27.
Ne7+ Kf8 28. Nxd5 Ne6 29. h3 Nd4 30. Nc3 Rxc3 31. Rxd4 Rxc2+ 32. Kxc2 Rxd4 33.
Re3 f6 34. Rc3 Ke7 35. Rc7+ Rd7 36. Rc6 g6 37. Rxa6 e4 38. Rc6 Rd5 39. h4 f5
40. gxf5 gxf5 41. a4 e3 42. Rc3 f4 43. Rc4 Rf5 44. Kd1 f3 45. Re4+ Kd6 46. Ke1
f2+ 47. Kf1 Rf3 48. Rd4+ Ke5 49. Rd1 Rg3 0-1

[Event "2BLS 1920 Stuttgarter SF - SC Heusensta"]
[Site "?"]
[Date "2019.12.08"]
[Round "6.7"]
[White "Klekowski, Maciej"]
[Black "Fritsch, Rolf"]
[Result "1-0"]
[WhiteElo "2514"]
[BlackElo "2155"]
[PlyCount "65"]
[EventDate "2019.??.??"]

1. c4 g6 2. Nc3 Bg7 3. g3 e5 4. Bg2 Nc6 5. e4 d6 6. d3 Nf6 7. Nge2 O-O 8. O-O
Nd4 9. Nxd4 exd4 10. Ne2 c5 11. b4 Nd7 12. bxc5 dxc5 13. Nf4 Ne5 14. Rb1 Qd6
15. Nd5 f6 16. f4 Nc6 17. g4 Rf7 18. h4 Be6 19. g5 Bxd5 20. cxd5 Nb4 21. gxf6
Qxf6 22. e5 Qxh4 23. d6 Nxa2 24. e6 Rf5 25. Qe1 Qg4 26. e7 Nc3 27. Rb2 Bf8 28.
e8=Q Rxe8 29. Qxe8 Rf7 30. f5 Rxf5 31. Rxf5 gxf5 32. Bh6 Qd1+ 33. Kh2 1-0

[Event "2BLS 1920 Stuttgarter SF - SC Heusensta"]
[Site "?"]
[Date "2019.12.08"]
[Round "6.8"]
[White "Seyfried, Claus"]
[Black "Barski, Radoslaw"]
[Result "0-1"]
[WhiteElo "2122"]
[BlackElo "2438"]
[PlyCount "78"]
[EventDate "2019.??.??"]

1. e4 c5 2. c3 Nf6 3. e5 Nd5 4. d4 cxd4 5. Nf3 Nc6 6. cxd4 e6 7. Bc4 d6 8. O-O
Be7 9. Re1 O-O 10. Qe2 a6 11. Nc3 Nxc3 12. bxc3 d5 13. Bd3 Bd7 14. Bc2 Rc8 15.
Qd3 g6 16. Bh6 Re8 17. Qd2 Na5 18. Bb3 Qc7 19. Rec1 Red8 20. Bg5 Bb5 21. h4 Re8
22. Bxe7 Qxe7 23. h5 Rc7 24. Rc2 Rec8 25. Rac1 gxh5 26. c4 Nxb3 27. axb3 dxc4
28. bxc4 Rxc4 29. Rxc4 Rxc4 30. Rd1 Bc6 31. Ng5 Rxd4 32. Qxd4 Qxg5 33. g3 Kg7
34. Rd3 Qf5 35. Kh2 Be4 36. Rd1 Qf3 37. Rg1 b5 38. Qe3 Qxe3 39. fxe3 b4 0-1

[Event "2BLS 1920 SC Eppingen - SV 1947 Walldor"]
[Site "?"]
[Date "2019.12.08"]
[Round "6.1"]
[White "Gschnitzer, Adrian"]
[Black "Noe, Christopher"]
[Result "1/2-1/2"]
[WhiteElo "2408"]
[BlackElo "2527"]
[PlyCount "40"]
[EventDate "2019.??.??"]

1. e4 c6 2. c4 d5 3. exd5 cxd5 4. cxd5 Nf6 5. Nc3 g6 6. Nf3 Bg7 7. Bb5+ Nbd7 8.
d6 exd6 9. Qe2+ Qe7 10. Qxe7+ Kxe7 11. O-O Rd8 12. d4 Nb6 13. h3 Kf8 14. b3 Bf5
15. g4 Rac8 16. Bb2 Be6 17. Ng5 Bd7 18. Bxd7 Rxd7 19. Rac1 Bh6 20. Nce4 Rxc1 {
(=)} 1/2-1/2

[Event "2BLS 1920 SC Eppingen - SV 1947 Walldor"]
[Site "?"]
[Date "2019.12.08"]
[Round "6.2"]
[White "Medvegy, Zoltan"]
[Black "Gschnitzer, Oswald"]
[Result "1/2-1/2"]
[WhiteElo "2533"]
[BlackElo "2359"]
[PlyCount "39"]
[EventDate "2019.??.??"]

1. c4 c5 2. g3 g6 3. Nc3 Nc6 4. Bg2 Bg7 5. Nf3 Nf6 6. d4 cxd4 7. Nxd4 O-O 8.
O-O Qa5 9. Nb3 Qh5 10. e4 Qxd1 11. Rxd1 d6 12. c5 dxc5 13. Nxc5 Rb8 14. h3 b6
15. Nb3 Bb7 16. f4 e5 17. f5 Rfd8 18. Be3 Nb4 19. Rac1 Rd3 20. Rxd3 1/2-1/2

[Event "2BLS 1920 SC Eppingen - SV 1947 Walldor"]
[Site "?"]
[Date "2019.12.08"]
[Round "6.3"]
[White "Vonthron, Horst"]
[Black "Guliyev, Namig"]
[Result "1-0"]
[WhiteElo "2348"]
[BlackElo "2548"]
[PlyCount "105"]
[EventDate "2019.??.??"]

1. d4 d5 2. c4 dxc4 3. Nf3 Nf6 4. Qa4+ c6 5. Qxc4 Bg4 6. Nc3 Nbd7 7. Qd3 e6 8.
e4 Be7 9. Be2 O-O 10. O-O a6 11. Bg5 h6 12. Bh4 b5 13. Rfd1 c5 14. dxc5 Nxc5
15. Qe3 Nfd7 16. Bxe7 Qxe7 17. b4 Bxf3 18. Bxf3 Nb7 19. e5 Rab8 20. a4 bxa4 21.
Rxa4 Rfc8 22. Qd4 Rd8 23. Bxb7 Rxb7 24. f4 Rdb8 25. Qd6 Qxd6 26. Rxd6 Rc8 27.
Ne2 g5 28. g3 Rc4 29. Nd4 gxf4 30. gxf4 Nb6 31. Rxa6 Nd5 32. Nc6 Rxf4 33. Ra8+
Kh7 34. Rdd8 Nxb4 35. Rh8+ Kg6 36. Rag8+ Kf5 37. Nd8 Rd7 38. Rxh6 Rd1+ 39. Kg2
Rd2+ 40. Kg3 Rd3+ 41. Kg2 Rd2+ 42. Kg3 Ke4 43. Rf6 Rd3+ 44. Kg2 Nd5 45. Rxf4+
Nxf4+ 46. Kg1 Rd1+ 47. Kf2 Rd7 48. Rf8 Nd3+ 49. Kg3 Nxe5 50. h4 f6 51. Re8 Rg7+
52. Kh3 Kf4 53. Nxe6+ 1-0

[Event "2BLS 1920 SC Eppingen - SV 1947 Walldor"]
[Site "?"]
[Date "2019.12.08"]
[Round "6.4"]
[White "Hacker, Jonas"]
[Black "Faerber, David"]
[Result "1/2-1/2"]
[WhiteElo "2377"]
[BlackElo "2322"]
[PlyCount "90"]
[EventDate "2019.??.??"]

1. e4 c6 2. d4 d5 3. e5 Bf5 4. h4 h5 5. Bd3 Bxd3 6. Qxd3 Qa5+ 7. c3 e6 8. Bg5
Ne7 9. Bxe7 Bxe7 10. Nd2 c5 11. Ngf3 Qa6 12. Qxa6 Nxa6 13. a3 Kd7 14. c4 dxc4
15. Nxc4 cxd4 16. Rd1 Rhd8 17. Nxd4 Ke8 18. Nb5 Rxd1+ 19. Kxd1 Rd8+ 20. Ncd6+
Bxd6 21. Nxd6+ Ke7 22. Ke2 Nc7 23. Rc1 Ne8 24. Ne4 b6 25. Rc4 Rd5 26. f4 Rd7
27. Ng3 g6 28. Ne4 Rc7 29. Ra4 Rd7 30. g3 Ng7 31. Rc4 Ne8 32. Rc8 Rd8 33. Rc6
Kd7 34. Rc4 Ke7 35. Kf2 Rd7 36. Ra4 Rc7 37. Ra6 Rb7 38. b4 Rc7 39. b5 f6 40.
Ra4 Rd7 41. Ke2 Rc7 42. Kf2 Rd7 43. Ke2 Rc7 44. exf6+ Nxf6 45. Nxf6 Kxf6 {(=)}
1/2-1/2

[Event "2BLS 1920 SC Eppingen - SV 1947 Walldor"]
[Site "?"]
[Date "2019.12.08"]
[Round "6.5"]
[White "Hauser, Carlos"]
[Black "Gibicar, Danijel"]
[Result "1/2-1/2"]
[WhiteElo "2261"]
[BlackElo "2254"]
[PlyCount "76"]
[EventDate "2019.??.??"]

1. d4 Nf6 2. c4 c5 3. d5 b5 4. cxb5 a6 5. bxa6 g6 6. Nc3 Bxa6 7. g3 d6 8. Bg2
Nbd7 9. Nf3 Nb6 10. b3 Bg7 11. Rb1 Bb7 12. Nh4 O-O 13. O-O Qc7 14. Re1 Rfb8 15.
Bb2 Ba6 16. Nf3 Nfd7 17. h4 Ne5 18. h5 Nbd7 19. Nxe5 Nxe5 20. Qc1 Qa5 21. h6
Bh8 22. Na4 Bb5 23. Bc3 Qa7 24. Bxe5 Bxe5 25. Nc3 Bd7 26. Qc2 Qa5 27. Na4 Qb4
28. Be4 Ra7 29. Bd3 Qg4 30. Qc4 Qxc4 31. Bxc4 Rb4 32. Rbc1 f5 33. e3 Kf7 34.
Re2 Bxa4 35. bxa4 Raxa4 36. Bb3 Ra3 37. f4 Bf6 38. Kf2 Ra7 1/2-1/2

[Event "2BLS 1920 SC Eppingen - SV 1947 Walldor"]
[Site "?"]
[Date "2019.12.08"]
[Round "6.6"]
[White "Cofmann, Veaceslav"]
[Black "Weber, Marc"]
[Result "1-0"]
[WhiteElo "2270"]
[BlackElo "2206"]
[PlyCount "68"]
[EventDate "2019.??.??"]

1. d4 d5 2. c4 c6 3. cxd5 cxd5 4. Nc3 Nf6 5. f3 Bf5 6. g4 Be6 7. Bf4 Nc6 8. e3
g6 9. Nh3 Bg7 10. Nf2 O-O 11. h4 Rc8 12. Nd3 Na5 13. Nc5 Nd7 14. Nxd7 Qxd7 15.
h5 Nc4 16. Bxc4 Rxc4 17. hxg6 fxg6 18. Qd2 Rxf4 19. exf4 Rxd4 20. Qh2 h6 21.
O-O b5 22. Qc2 Rxf4 23. Rad1 g5 24. Qd3 Rb4 25. Qe2 d4 26. b3 a5 27. Ne4 Bd5
28. Nc5 Qd6 29. Nd3 e6 30. Nxb4 Qxb4 31. Rc1 Qf8 32. Qd3 Qb8 33. Kg2 Bb7 34.
Qg6 d3 1-0

[Event "2BLS 1920 SC Eppingen - SV 1947 Walldor"]
[Site "?"]
[Date "2019.12.08"]
[Round "6.7"]
[White "Zuse, Peter"]
[Black "Bilchinski, Anton"]
[Result "1-0"]
[WhiteElo "2212"]
[BlackElo "2245"]
[PlyCount "131"]
[EventDate "2019.??.??"]

1. c4 e5 2. g3 Nf6 3. Bg2 d5 4. cxd5 Nxd5 5. Nc3 Nb6 6. Nf3 Nc6 7. O-O Be7 8.
d3 O-O 9. Bd2 Be6 10. Rc1 f6 11. a3 a5 12. Na4 Nxa4 13. Qxa4 Ra6 14. Be3 Bd5
15. Nd2 Bxg2 16. Kxg2 Qd5+ 17. Kg1 f5 18. Qb3 Qxb3 19. Nxb3 a4 20. Nc5 Bxc5 21.
Bxc5 Rd8 22. Rc4 Ra5 23. Rfc1 Kf7 24. Kf1 Ke6 25. f3 h6 26. h3 Rd5 27. Bf8 Kf7
28. Bb4 Ra8 29. Rc5 Ke6 30. Rxd5 Kxd5 31. e4+ Ke6 32. Bc3 g6 33. Ke2 Rd8 34. f4
fxe4 35. dxe4 Rd7 36. Ke3 exf4+ 37. gxf4 Ne7 38. Bb4 Nc6 39. Bf8 h5 40. Bc5 Na5
41. Bb4 Nb3 42. Rg1 Kf7 43. h4 c5 44. Bc3 c4 45. f5 Rd3+ 46. Kf4 gxf5 47. exf5
Nd4 48. Ke4 Ne2 49. Rg7+ Kf8 50. Be5 b5 51. f6 Rd1 52. Rb7 Nc1 53. Kf5 Nb3 54.
Rxb5 Nd4+ 55. Bxd4 Rxd4 56. Kg6 Rg4+ 57. Kxh5 Rg2 58. Rb7 Ke8 59. Kh6 Kf8 60.
h5 Ke8 61. Kh7 Kf8 62. h6 Ke8 63. Kh8 Kf8 64. Kh7 Ke8 65. Rg7 Rxb2 66. Kg8 1-0

[Event "2BLS 1920 SC Eppingen - SV 1947 Walldor"]
[Site "?"]
[Date "2019.12.08"]
[Round "6.8"]
[White "Mann, Christian"]
[Black "Hess, Markus"]
[Result "1-0"]
[WhiteElo "2393"]
[BlackElo "2138"]
[PlyCount "119"]
[EventDate "2019.??.??"]

1. c4 e5 2. g3 Nf6 3. Bg2 d5 4. cxd5 Nxd5 5. Nf3 Nc6 6. d3 Be7 7. O-O O-O 8.
Nbd2 Nb6 9. a3 a5 10. b3 Be6 11. Nc4 Nxc4 12. bxc4 e4 13. dxe4 Qxd1 14. Rxd1
Bxc4 15. Bf4 Bxe2 16. Rd7 Bxf3 17. Bxf3 Bf6 18. Rb1 Ne5 19. Bxe5 Bxe5 20. Rxb7
Rfb8 21. Rxb8+ Rxb8 22. Rd5 f6 23. Rxa5 Rb2 24. Kf1 Rb1+ 25. Kg2 Rb2 26. Rd5
Ra2 27. Bh5 g6 28. Bg4 Rxa3 29. Be6+ Kh8 30. Rd8+ Kg7 31. Rd7+ Kh8 32. f4 Bd6
33. Rf7 Re3 34. Bd5 Re2+ 35. Kh3 g5 36. Rxf6 gxf4 37. gxf4 Kg7 38. e5 Bxe5 39.
fxe5 Rxe5 40. Rf7+ Kg6 41. Rd7 Kg5 42. Kg3 h6 43. h4+ Kf5 44. Bf3 Rc5 45. Rh7
Rc3 46. Rxh6 c5 47. Rc6 c4 48. Rc5+ Kf6 49. Kg4 Rc1 50. Rc6+ Ke5 51. Kg5 c3 52.
h5 Kd4 53. h6 Re1 54. h7 Re8 55. Bh5 Rf8 56. Kh6 Kd3 57. Kg7 Rd8 58. h8=Q Rxh8
59. Kxh8 Kd2 60. Bg6 1-0

[Event "2BLS 1920 SF Neuberg - SC Emmendingen"]
[Site "?"]
[Date "2019.12.08"]
[Round "6.1"]
[White "Bauer, Christian"]
[Black "Lubbe, Nikolas"]
[Result "1-0"]
[WhiteElo "2632"]
[BlackElo "2451"]
[PlyCount "87"]
[EventDate "2019.??.??"]

1. e4 e5 2. Nf3 Nc6 3. Bb5 a6 4. Ba4 Nf6 5. d3 d6 6. c3 g6 7. O-O Bg7 8. Re1
O-O 9. Bg5 h6 10. Bh4 Bd7 11. Nbd2 g5 12. Bg3 Nh5 13. Nf1 Nf4 14. Ne3 Ne7 15.
d4 b5 16. Bc2 Rb8 17. Nf5 Nxf5 18. exf5 exd4 19. Nxd4 b4 20. Bxf4 gxf4 21. Ne6
fxe6 22. fxe6 Re8 23. Qd5 Bxe6 24. Rxe6 Rxe6 25. Qxe6+ Kh8 26. Qf5 Qg8 27. Qxf4
bxc3 28. bxc3 Rf8 29. Qg3 Be5 30. Qd3 Qg7 31. Re1 Bxc3 32. Re6 Bf6 33. g3 a5
34. Kg2 Qg8 35. h4 Qg7 36. Qe4 Qd7 37. Qg6 Qg7 38. Qe4 Qd7 39. Qg6 Qg7 40. Qh5
Rf7 41. Qxa5 Qf8 42. Qd2 Re7 43. Rxe7 Bxe7 44. Qc3+ 1-0

[Event "2BLS 1920 SF Neuberg - SC Emmendingen"]
[Site "?"]
[Date "2019.12.08"]
[Round "6.2"]
[White "Lubbe, Melanie"]
[Black "Baklan, Vladimir"]
[Result "0-1"]
[WhiteElo "2279"]
[BlackElo "2590"]
[PlyCount "62"]
[EventDate "2019.??.??"]

1. e4 e6 2. d4 d5 3. Nc3 Bb4 4. exd5 exd5 5. Bd3 c6 6. Nge2 Ne7 7. Ng3 Nd7 8.
Nh5 O-O 9. Bg5 f6 10. Bd2 Rf7 11. Qf3 g6 12. Nf4 Ne5 13. dxe5 fxe5 14. Qg3 exf4
15. Bxf4 Nf5 16. Bxf5 Qe7+ 17. Kd2 Bxf5 18. Rae1 Qd7 19. a3 Bf8 20. Be3 c5 21.
f4 b5 22. Kc1 a5 23. Rd1 d4 24. Qf3 Rd8 25. h3 b4 26. axb4 axb4 27. Ne4 Bxe4
28. Qxe4 Qa4 29. Kd2 b3 30. cxb3 Qxb3 31. Qc2 Qxe3# 0-1

[Event "2BLS 1920 SF Neuberg - SC Emmendingen"]
[Site "?"]
[Date "2019.12.08"]
[Round "6.3"]
[White "Hera, Imre Jr"]
[Black "Wahedi, Ahmad Siar"]
[Result "1-0"]
[WhiteElo "2619"]
[BlackElo "2270"]
[PlyCount "65"]
[EventDate "2019.??.??"]

1. c4 f5 2. g3 Nf6 3. Bg2 g6 4. Nc3 Bg7 5. d3 d6 6. e3 c6 7. Nge2 Na6 8. O-O
O-O 9. Rb1 Nc7 10. b4 d5 11. cxd5 cxd5 12. f4 Qd6 13. Qb3 Re8 14. e4 fxe4 15.
dxe4 Kh8 16. e5 Qb6+ 17. Kh1 Ng4 18. h3 Nh6 19. g4 e6 20. Na4 Qb5 21. Nd4 Qd7
22. Nc5 Qe7 23. Qg3 a5 24. Ba3 g5 25. b5 gxf4 26. Rxf4 Bxe5 27. Ncxe6 Bxf4 28.
Qxf4 Nxe6 29. Nxe6 Qxe6 30. Qd4+ Qe5 31. Qxe5+ Rxe5 32. Bb2 Nf7 33. Bxd5 1-0

[Event "2BLS 1920 SF Neuberg - SC Emmendingen"]
[Site "?"]
[Date "2019.12.08"]
[Round "6.4"]
[White "Schaffer, Hendrik"]
[Black "Shevchenko, Kirill"]
[Result "0-1"]
[WhiteElo "2266"]
[BlackElo "2547"]
[PlyCount "66"]
[EventDate "2019.??.??"]

1. d4 Nf6 2. c4 g6 3. Nc3 Bg7 4. e4 d6 5. Nf3 O-O 6. Be2 e5 7. O-O Nc6 8. d5
Ne7 9. Ne1 Nd7 10. Be3 f5 11. f3 f4 12. Bf2 g5 13. c5 Nxc5 14. b4 Nd7 15. a4
Nf6 16. b5 h5 17. a5 Bd7 18. Nd3 Ng6 19. Nb4 g4 20. Rc1 g3 21. hxg3 fxg3 22.
Bxg3 h4 23. Bf2 Bh6 24. Rc2 Nh5 25. Re1 Kh8 26. b6 cxb6 27. axb6 Nhf4 28. Bf1
Rg8 29. Nd3 axb6 30. Nxf4 Nxf4 31. Be3 Rc8 32. Kh2 Qf6 33. Qb1 Nxg2 0-1

[Event "2BLS 1920 SF Neuberg - SC Emmendingen"]
[Site "?"]
[Date "2019.12.08"]
[Round "6.5"]
[White "Korpa, Bence"]
[Black "Lutz, Klaus-Juergen"]
[Result "1-0"]
[WhiteElo "2539"]
[BlackElo "2240"]
[PlyCount "101"]
[EventDate "2019.??.??"]

1. Nf3 d6 2. d4 f5 3. g3 Nf6 4. Bg2 g6 5. O-O Bg7 6. b3 O-O 7. Bb2 Ne4 8. Nbd2
Nc6 9. Nxe4 fxe4 10. Ne1 d5 11. f3 exf3 12. exf3 Bf5 13. f4 Qd7 14. Nf3 Be4 15.
Qd2 a5 16. a4 h6 17. c3 Rf7 18. Nh4 Bxg2 19. Kxg2 Rf6 20. Rae1 Raf8 21. Bc1
R8f7 22. Qd3 Qd6 23. g4 Bf8 24. h3 Rg7 25. g5 hxg5 26. fxg5 Rxf1 27. Rxf1 e5
28. Rf6 Qd8 29. Nxg6 e4 30. Qg3 Be7 31. Nxe7+ Qxe7 32. Rf2 Qe6 33. h4 Ne7 34.
Qh3 Rg6 35. h5 Qxh3+ 36. Kxh3 Re6 37. Rf6 Rxf6 38. gxf6 Nf5 39. Kg4 Nd6 40. h6
Kh7 41. Kg5 c6 42. Bf4 Nf7+ 43. Kf5 Nd8 44. c4 dxc4 45. bxc4 Nf7 46. c5 Nh8 47.
Kxe4 Kg6 48. Ke5 Nf7+ 49. Ke6 Nd8+ 50. Kd7 Nf7 51. Kc7 1-0

[Event "2BLS 1920 SF Neuberg - SC Emmendingen"]
[Site "?"]
[Date "2019.12.08"]
[Round "6.6"]
[White "Sergin, Mark"]
[Black "Sokolov, Andrei"]
[Result "0-1"]
[WhiteElo "2194"]
[BlackElo "2488"]
[PlyCount "48"]
[EventDate "2019.??.??"]

1. e4 c5 2. Nc3 e6 3. Nf3 d6 4. d4 cxd4 5. Nxd4 Nf6 6. g4 h6 7. h4 Nc6 8. Rg1
d5 9. Bb5 Bd7 10. exd5 Nxd5 11. Nxd5 exd5 12. Qe2+ Be7 13. Bxc6 bxc6 14. Qe5
O-O 15. g5 Re8 16. Kd1 Bd6 17. Qxd6 Bg4+ 18. Rxg4 Qxd6 19. gxh6 g6 20. Bf4 Qd7
21. f3 c5 22. h7+ Kxh7 23. Ne2 Qe6 24. Rg2 Qh3 0-1

[Event "2BLS 1920 SF Neuberg - SC Emmendingen"]
[Site "?"]
[Date "2019.12.08"]
[Round "6.7"]
[White "Lodici, Lorenzo"]
[Black "Bethke, Richard"]
[Result "1-0"]
[WhiteElo "2455"]
[BlackElo "2332"]
[PlyCount "57"]
[EventDate "2019.??.??"]

1. d4 Nf6 2. c4 e6 3. Nc3 Bb4 4. f3 c5 5. d5 O-O 6. e4 b5 7. Nh3 bxc4 8. Bxc4
exd5 9. Bxd5 Nxd5 10. Qxd5 Qb6 11. Kf2 Bb7 12. Qh5 Bxc3 13. bxc3 c4+ 14. Kg3 f5
15. Ba3 g6 16. Qg5 Rf7 17. Rab1 Qc7+ 18. Qf4 d5 19. Bd6 Qd8 20. Ng5 Rd7 21.
exf5 gxf5 22. Qxf5 Rg7 23. Qe6+ Kh8 24. h4 Nc6 25. Kf2 Qa5 26. Nf7+ Kg8 27.
Nd8+ Kh8 28. Qe8+ Rg8 29. Be5+ 1-0

[Event "2BLS 1920 SF Neuberg - SC Emmendingen"]
[Site "?"]
[Date "2019.12.08"]
[Round "6.8"]
[White "Bethke, Robert"]
[Black "Herbrechtsmeier, Christof"]
[Result "1/2-1/2"]
[WhiteElo "2046"]
[BlackElo "2174"]
[PlyCount "81"]
[EventDate "2019.??.??"]

1. c4 Nf6 2. Nc3 d5 3. cxd5 Nxd5 4. e4 Nb6 5. d4 g6 6. Be3 Bg7 7. Be2 O-O 8. f4
c5 9. dxc5 N6d7 10. Nf3 Qa5 11. O-O Nc6 12. a3 Bxc3 13. bxc3 Nxc5 14. Qd5 Na4
15. Qxa5 Nxa5 16. Rac1 Nb3 17. Rc2 Nbc5 18. Bb5 Bd7 19. Bxd7 Nxd7 20. Bd4 b6
21. h4 Rac8 22. Nd2 Rc6 23. g4 Nac5 24. Kg2 Rfc8 25. Kf3 Ne6 26. Ke3 Nxd4 27.
Kxd4 Rd6+ 28. Ke3 Nc5 29. Rf3 Rd3+ 30. Ke2 Rxf3 31. Kxf3 Rd8 32. Ke2 f6 33. f5
Kf7 34. Rc1 Nd3 35. Rf1 Ne5 36. g5 Rd3 37. fxg6+ Kxg6 38. gxf6 exf6 39. h5+ Kg7
40. Rg1+ Kh6 41. Rf1 {(=)} 1/2-1/2

[Event "2BLS 1920 SV Worms 1878 - OSG Baden-Bad"]
[Site "?"]
[Date "2019.12.08"]
[Round "6.1"]
[White "Gozzoli, Yannick"]
[Black "Nasshan, Dennis"]
[Result "1-0"]
[WhiteElo "2599"]
[BlackElo "2302"]
[PlyCount "65"]
[EventDate "2019.??.??"]

1. d4 Nf6 2. c4 e6 3. Nc3 d5 4. cxd5 Nxd5 5. e4 Nxc3 6. bxc3 c5 7. Nf3 cxd4 8.
cxd4 Bb4+ 9. Bd2 Bxd2+ 10. Qxd2 O-O 11. Bc4 Nd7 12. O-O b6 13. Rad1 Bb7 14.
Rfe1 Rc8 15. Bb3 Nf6 16. d5 exd5 17. exd5 Rc5 18. d6 Bd5 19. Qf4 Bxb3 20. axb3
Rd5 21. Rd4 Rxd4 22. Qxd4 Re8 23. Rxe8+ Qxe8 24. h3 Nd7 25. Qa4 Qc8 26. g3 a6
27. Qe4 Nc5 28. Qe7 f6 29. Nd4 Qd7 30. b4 Qxe7 31. dxe7 Kf7 32. bxc5 b5 33. Nc6
1-0

[Event "2BLS 1920 SV Worms 1878 - OSG Baden-Bad"]
[Site "?"]
[Date "2019.12.08"]
[Round "6.2"]
[White "Karsay, Pascal"]
[Black "Dann, Matthias"]
[Result "1/2-1/2"]
[WhiteElo "2277"]
[BlackElo "2506"]
[PlyCount "45"]
[EventDate "2019.??.??"]

1. Nf3 Nf6 2. c4 g6 3. b3 Bg7 4. Bb2 O-O 5. g3 d6 6. d4 Bd7 7. Bg2 Qc8 8. O-O
Bh3 9. Re1 Bxg2 10. Kxg2 e5 11. e4 Nbd7 12. Qc2 Ng4 13. Nc3 exd4 14. Nxd4 c6
15. Rad1 Qc7 16. h3 Nh6 17. Bc1 Rfe8 18. Bf4 f6 19. g4 Nf7 20. Bg3 Rad8 21. f4
a5 22. Na4 Nf8 23. Nc3 {(=)} 1/2-1/2

[Event "2BLS 1920 SV Worms 1878 - OSG Baden-Bad"]
[Site "?"]
[Date "2019.12.08"]
[Round "6.3"]
[White "Bellahcene, Bilel"]
[Black "Helbig, Daniel"]
[Result "1-0"]
[WhiteElo "2550"]
[BlackElo "2237"]
[PlyCount "63"]
[EventDate "2019.??.??"]

1. e4 d5 2. exd5 Qxd5 3. Nc3 Qa5 4. d4 Nf6 5. Nf3 Bf5 6. Ne5 c6 7. Bc4 e6 8. g4
Bg6 9. h4 Bd6 10. O-O Bxe5 11. dxe5 Qxe5 12. h5 Nbd7 13. Re1 Qc5 14. Bf1 Bxc2
15. Qxc2 Nxg4 16. Bf4 O-O 17. Rad1 Ndf6 18. Bd6 Qg5 19. Qd2 Qxh5 20. f3 Rfd8
21. fxg4 Nxg4 22. Qf4 e5 23. Qg3 Qg6 24. Be7 Rxd1 25. Rxd1 Re8 26. Be2 h5 27.
Bd6 f5 28. Bxg4 f4 29. Be6+ Qxe6 30. Qg5 Qh3 31. Re1 Re6 32. Bxe5 1-0

[Event "2BLS 1920 SV Worms 1878 - OSG Baden-Bad"]
[Site "?"]
[Date "2019.12.08"]
[Round "6.4"]
[White "Feldmann, Johannes"]
[Black "Riff, Jean-Noel"]
[Result "0-1"]
[WhiteElo "2201"]
[BlackElo "2499"]
[PlyCount "84"]
[EventDate "2019.??.??"]

1. d4 Nf6 2. c4 e6 3. Nc3 Bb4 4. e3 O-O 5. Bd3 d5 6. Nf3 b6 7. O-O dxc4 8. Bxc4
Bb7 9. Qe2 Nbd7 10. Rd1 Qe7 11. a3 Bxc3 12. bxc3 Ne4 13. Bb2 c5 14. d5 e5 15.
Bb5 Rfd8 16. c4 f6 17. a4 Nd6 18. e4 Nf8 19. a5 Ng6 20. g3 Rab8 21. axb6 axb6
22. Nd2 Ra8 23. Rxa8 Rxa8 24. Ra1 Rxa1+ 25. Bxa1 Bc8 26. Qd1 Qa7 27. Ba4 Nh8
28. Bc3 Nhf7 29. f4 Ba6 30. Qg4 b5 31. Bxb5 Bxb5 32. cxb5 Qa3 33. Nc4 Qc1+ 34.
Kg2 f5 35. Qe2 Qxc3 36. Nxd6 Nxd6 37. exf5 e4 38. b6 Qb3 39. f6 Qxb6 40. fxg7
Qb3 41. Qh5 Qb2+ 42. Kh3 Qxg7 0-1